[Event "SportAccord Blitz 2014"]
[Site "Beijing CHN"]
[Date "2014.12.13"]
[Round "12.6"]
[White "Bacrot,E"]
[Black "Ivanchuk,V"]
[Result "1/2-1/2"]
[WhiteElo "2718"]
[BlackElo "2704"]

1.d4 Nf6 2.c4 e6 3.Nf3 d5 4.Nc3 dxc4 5.Bg5 Bb4 6.e4 c5 7.Bxc4 cxd4 8.Nxd4 Bxc3+
9.bxc3 Qa5 10.Bxf6 Qxc3+ 11.Kf1 gxf6 12.Rc1 Qa5 13.Nb5 a6 14.Nd6+ Ke7 15.h4 Rd8
16.Nxc8+ Rxc8 17.Rh3 Nd7 18.Bb3 Qe5 19.Rg3 Qf4 20.Rcc3 Qxh4 21.Kg1 Qf4 22.Bxe6 Kxe6
23.Qd5+ Ke7 24.Rg7 Ne5 25.Qxb7+ Kf8 26.Rgg3 Rcb8 27.Rc8+ Rxc8 28.Qb4+ Ke8
29.Rg8+ Kd7 30.Qb7+ Kd6 31.Rxc8 Rxc8 32.Qxc8 Qxe4 33.Qxa6+ Qc6 34.Qa3+ Qc5
35.Qh3 Qc1+ 36.Kh2 Qh6 37.Qxh6 Ng4+ 38.Kg3 Nxh6 39.Kf4 Ng8 40.Kf5 Ke7 41.a4 Nh6+
42.Kf4 Kd6 43.g4 Kc5 44.f3 Kb4 45.Ke4 Kxa4 46.Kd5 Kb4 47.Kd6 Kc4 48.Ke7 Kd4
49.Kxf6 Ke3 50.g5 Nf5 51.Kxf7 Kxf3 52.Kg8 Kf4 53.Kxh7 Kxg5  1/2-1/2

[Event "SportAccord Blitz 2014"]
[Site "Beijing CHN"]
[Date "2014.12.13"]
[Round "13.8"]
[White "Ivanchuk,V"]
[Black "Wang Hao"]
[Result "0-1"]
[WhiteElo "2704"]
[BlackElo "2710"]

1.e4 c6 2.d4 d5 3.exd5 cxd5 4.c4 Nf6 5.Nc3 e6 6.cxd5 Nxd5 7.Bd3 Nc6 8.Nf3 Be7
9.O-O O-O 10.Re1 Bf6 11.Be4 Nce7 12.Ne5 Bd7 13.Qd3 h6 14.Ng4 Bc6 15.Qg3 Kh8
16.Qh3 Nf5 17.Nxh6 gxh6 18.Bxh6 Nh4 19.Bxf8 Qxf8 20.Bxd5 exd5 21.g3 Qh6 22.Kf1 Rg8
23.Rad1 Qh5 24.gxh4 Rg4 25.Qf3 Qxh4 26.Re3 Bxd4 27.Rxd4 Rxd4 28.Qxf7 Rf4
29.Re8+ Bxe8 30.Qxe8+ Kh7 31.Qd7+ Kh6 32.Qd6+  0-1

[Event "SportAccord Blitz 2014"]
[Site "Beijing CHN"]
[Date "2014.12.13"]
[Round "14.5"]
[White "Ponomariov,R"]
[Black "Ivanchuk,V"]
[Result "0-1"]
[WhiteElo "2714"]
[BlackElo "2704"]

1.d4 Nf6 2.c4 e6 3.Nc3 Bb4 4.Qc2 c5 5.dxc5 O-O 6.Nf3 Na6 7.g3 Nxc5 8.Bg2 b6
9.O-O Bb7 10.Nb5 Be4 11.Qd1 Nb7 12.Bf4 a6 13.Nd6 Bxd6 14.Bxd6 Nxd6 15.Qxd6 Qb8
16.Qd4 Qb7 17.Rac1 Rac8 18.Rfd1 Rc7 19.Ne1 Bxg2 20.Nxg2 Rfc8 21.Ne3 d5 22.b3 h6
23.Qb2 dxc4 24.Rxc4 b5 25.Rcd4 Rd7 26.Ng4 Nd5 27.e4 Nb6 28.Rxd7 Nxd7 29.Qd4 Nb8
30.Ne3 Nc6 31.Qd7 Qxd7 32.Rxd7 Nb4 33.a3 Nc2 34.a4 Nxe3 35.fxe3 Rc3 36.axb5 axb5
37.Kf2 Rxb3 38.e5 Rb2+ 39.Kf3 Rxh2 40.Rb7 Rb2 41.g4 b4 42.Kg3 b3 43.Kf3 Rb1
44.Kg3 b2 45.Kg2 Kh7  0-1

[Event "SportAccord Blitz 2014"]
[Site "Beijing CHN"]
[Date "2014.12.13"]
[Round "15.5"]
[White "Ivanchuk,V"]
[Black "Harikrishna,P"]
[Result "1-0"]
[WhiteElo "2704"]
[BlackElo "2727"]

1.c4 Nf6 2.Nc3 e5 3.Nf3 Nc6 4.d4 exd4 5.Nxd4 Bb4 6.Bg5 h6 7.Bh4 Bxc3+ 8.bxc3 Ne5
9.f4 Ng6 10.Bxf6 Qxf6 11.g3 Nf8 12.Bg2 Ne6 13.Qd2 O-O 14.Rb1 Nc5 15.Nb3 d6
16.Qd4 Qg6 17.O-O Bf5 18.Rb2 Na4 19.Rd2 Rae8 20.Bxb7 c5 21.Qxd6 Re6 22.Qc7 Nxc3
23.Bf3 Ne4 24.Rd8 Rxd8 25.Qxd8+ Kh7 26.Qh4 Nc3 27.g4 Be4 28.Nxc5 Bxf3 29.f5 Rxe2
30.fxg6+  1-0

[Event "SportAccord Blitz 2014"]
[Site "Beijing CHN"]
[Date "2014.12.13"]
[Round "16.8"]
[White "Nepomniachtchi,I"]
[Black "Ivanchuk,V"]
[Result "0-1"]
[WhiteElo "2714"]
[BlackElo "2704"]

1.e4 Nf6 2.e5 Nd5 3.d4 d6 4.Nf3 dxe5 5.Nxe5 c6 6.c4 Nb4 7.Be3 Bf5 8.Nd3 e5
9.Nxb4 Bxb4+ 10.Nc3 Qa5 11.Qb3 Na6 12.Be2 exd4 13.Bxd4 O-O-O 14.Rd1 Rxd4
15.Rxd4 Nc5 16.Qd1 Na4 17.O-O Nxb2 18.Qb3 Bxc3 19.Rf4 Re8 20.c5 g6 21.Bg4 Bxg4
22.Rxg4 f5 23.Rg3 Bf6 24.Re3 Rxe3 25.Qxe3 Qd8 26.Qe6+ Kb8 27.h3 Na4 28.Qc4 Nc3
29.Re1 Ne4 30.Qe6 a6 31.Rb1 Ka7 32.Qb3 Nxc5 33.Qb4 Bd4 34.Rd1 Ne6 35.Qb3 Qd5
36.Qc2 c5 37.a4 Nf4  0-1

[Event "SportAccord Blitz 2014"]
[Site "Beijing CHN"]
[Date "2014.12.13"]
[Round "19.8"]
[White "Ivanchuk,V"]
[Black "Vachier Lagrave,M"]
[Result "0-1"]
[WhiteElo "2704"]
[BlackElo "2758"]

1.c4 e5 2.Nc3 Nf6 3.Nf3 Nc6 4.g3 d5 5.cxd5 Nxd5 6.Bg2 Nb6 7.O-O Be7 8.d3 O-O
9.Be3 Re8 10.Rc1 Bf8 11.Ne4 Nd4 12.Nc5 Bxc5 13.Rxc5 Bg4 14.Qd2 Bxf3 15.exf3 c6
16.Re1 Qd6 17.Rcc1 Rad8 18.f4 exf4 19.Bxf4 Qd7 20.Be3 Ne6 21.Qa5 Nc8 22.Qb4 a6
23.Qb3 h6 24.Bh3 Re7 25.Red1 Nd4 26.Bxd4 Qxh3 27.Bc5 Re5 28.Qxb7 Rh5 29.Qxc6 Qxh2+
30.Kf1 Rhd5  0-1

[Event "SportAccord Blitz 2014"]
[Site "Beijing CHN"]
[Date "2014.12.13"]
[Round "20.2"]
[White "Wojtaszek,R"]
[Black "Ivanchuk,V"]
[Result "1/2-1/2"]
[WhiteElo "2744"]
[BlackElo "2704"]

1.d4 Nf6 2.c4 e6 3.Nf3 c5 4.d5 exd5 5.cxd5 Bd6 6.Nc3 O-O 7.Bg5 h6 8.Bh4 Bc7
9.e3 d6 10.Be2 Nbd7 11.O-O Re8 12.Nd2 a6 13.a4 Nf8 14.h3 Ng6 15.Bg3 Rb8 16.Qc2 Bd7
17.Rab1 b5 18.axb5 axb5 19.b4 cxb4 20.Rxb4 Ba5 21.Qb2 Ne5 22.Ra1 Bxb4 23.Qxb4 Bf5
24.Ra6 Rb6 25.Rxb6 Qxb6 26.Bxb5 Bd3 27.Qd4 Qxd4 28.exd4 Bxb5 29.dxe5 dxe5
30.Nxb5 Nxd5 31.Ne4 f6 32.Nbc3 Ne7 33.f4 exf4 34.Bxf4 Nf5 35.Nd6 Nxd6 36.Bxd6 Kf7
37.Kf2 Rd8 38.Bf4 Rd7 39.Ne2 Rd8 40.Nc3 Rd7 41.Ne2 Rd8  1/2-1/2

[Event "SportAccord Blitz 2014"]
[Site "Beijing CHN"]
[Date "2014.12.13"]
[Round "22.3"]
[White "Aronian,L"]
[Black "Ivanchuk,V"]
[Result "1-0"]
[WhiteElo "2797"]
[BlackElo "2704"]

1.Nf3 d6 2.d4 g6 3.g3 f5 4.Bg2 Nf6 5.c3 Bg7 6.Qb3 e6 7.Nbd2 O-O 8.O-O Kh8
9.Re1 Ne4 10.Nxe4 fxe4 11.Ng5 d5 12.f3 h6 13.Nh3 e5 14.dxe5 Nc6 15.f4 Na5
16.Qd1 b6 17.Nf2 Bb7 18.b3 Qe7 19.e3 Rfd8 20.Bb2 Ba6 21.Qg4 Kh7 22.c4 c6
23.h4 Bc8 24.Qe2 Be6 25.Rac1 Rac8 26.h5 g5 27.Bh3 Bxh3 28.Nxh3 Nb7 29.cxd5 cxd5
30.Qg4 Rxc1 31.Rxc1 Nc5 32.Ba3 d4 33.exd4 Rxd4 34.fxg5 Qxe5 35.Bxc5 bxc5
36.gxh6 Bf6  1-0

[Event "SportAccord Blitz 2014"]
[Site "Beijing CHN"]
[Date "2014.12.13"]
[Round "27.5"]
[White "Ivanchuk,V"]
[Black "Bacrot,E"]
[Result "1/2-1/2"]
[WhiteElo "2704"]
[BlackElo "2718"]

1.c4 c5 2.Nf3 Nf6 3.d4 cxd4 4.Nxd4 Nc6 5.Nc3 e6 6.a3 Bc5 7.Nf3 O-O 8.b4 Be7
9.Bb2 d6 10.e3 e5 11.Bd3 h6 12.O-O Be6 13.Qe2 Rc8 14.Rfd1 a6 15.Rac1 Qc7
16.b5 Na5 17.Nd5 Qd8 18.bxa6 bxa6 19.Nxf6+ Bxf6 20.Nd2 Be7 21.c5 Rxc5 22.Rxc5 dxc5
23.Bxe5 Qb6 24.Rb1 Qc6 25.Bc3 Qa4 26.Bxa6 c4 27.Bxa5 Qxa5 28.Bxc4 Bf5 29.Rf1 Qxa3
30.Nf3 Qc5 31.Nd4 Be4 32.Bd3 Ba8 33.Rb1 Bf6 34.Nf3 g6 35.h3 Rd8 36.Rd1 Rc8
37.Rb1 Kg7 38.Rd1 h5 39.Rf1 Rd8 40.Rd1 Rc8 41.Rb1 Qc3 42.Rd1 Rb8 43.Qd2 Qc5
44.Rc1 Qa3 45.Bf1 Rb2 46.Qd1 Qa2 47.Ra1 Bxf3 48.gxf3 Qe6 49.Rb1 Ra2 50.Qb3 Qxb3
51.Rxb3 Bh4 52.f4 Bxf2+ 53.Kh1 h4 54.Bc4 Ra7 55.Bd5 f5 56.e4 Bg3 57.exf5 gxf5
58.Rb7+  1/2-1/2

[Event "24th TCh-MKD 2015"]
[Site "Struga MKD"]
[Date "2015.07.24"]
[Round "5"]
[White "Ivanchuk,V"]
[Black "Ashiku,F"]
[Result "1-0"]
[WhiteElo "2728"]
[BlackElo "2306"]

1.d4 d5 2.c4 c6 3.Nf3 Nf6 4.Nc3 dxc4 5.a4 Bf5 6.e3 e6 7.Bxc4 Bb4 8.O-O Nbd7
9.Nh4 Bg6 10.Be2 O-O 11.Nxg6 hxg6 12.Qc2 Qa5 13.Rd1 Rfe8 14.Bd2 Rac8 15.Qb3 Nb6
16.Be1 Red8 17.h3 c5 18.dxc5 Rxd1 19.Rxd1 Bxc3 20.Bxc3 Qxa4 21.Qxa4 Nxa4
22.Bd4 e5 23.Bxe5 Nxc5 24.Ra1 a6 25.Bf3 Nfe4 26.Rd1 a5 27.Be2 Nb3 28.f3 Ned2
29.Bc3 Rxc3 30.bxc3 a4 31.Kf2 a3 32.Ke1 a2 33.Bd3 b5 34.Bc2 g5 35.Ke2 f5
36.Kd3 Kf7 37.Bxb3+ Nxb3 38.Kc2 a1=Q 39.Rxa1 Nxa1+ 40.Kb2 Ke6 41.Kxa1 Kd5
42.Kb2 Kc4 43.Kc2 f4 44.e4  1-0

[Event "24th TCh-MKD 2015"]
[Site "Struga MKD"]
[Date "2015.07.26"]
[Round "7"]
[White "Ivanchuk,V"]
[Black "Stojcevski,Z"]
[Result "1-0"]
[WhiteElo "2728"]
[BlackElo "2330"]

1.Nf3 d5 2.d4 Bf5 3.c4 e6 4.Nc3 Nc6 5.a3 Nf6 6.e3 Be7 7.b4 O-O 8.Bb2 Ne4
9.Be2 Nxc3 10.Bxc3 Nb8 11.cxd5 exd5 12.Qb3 Be4 13.O-O Nd7 14.Nd2 Nf6 15.b5 Bd6
16.Bb4 Re8 17.Rfc1 h5 18.Nxe4 dxe4 19.Rc2 Re6 20.Rac1 Ng4 21.Bxd6 cxd6 22.Qd5 Qh4
23.Bxg4 hxg4 24.Qxb7 Rae8 25.Rc8 Qh5 26.Qb8 f6 27.a4 d5 28.Rxe8+ Rxe8 29.Qxa7 Kh7
30.Qd7 Ra8 31.b6 g3 32.hxg3 Kg6 33.g4  1-0

[Event "FIDE World Cup 2015"]
[Site "Baku AZE"]
[Date "2015.09.12"]
[Round "1.2"]
[White "Adly,A"]
[Black "Ivanchuk,V"]
[Result "1/2-1/2"]
[WhiteElo "2596"]
[BlackElo "2726"]

1.Nf3 d5 2.d4 c6 3.g3 Bf5 4.Bg2 e6 5.O-O Nd7 6.c4 Ngf6 7.Nc3 h6 8.Nd2 Be7
9.e4 dxe4 10.Ndxe4 O-O 11.f3 b5 12.c5 Bxe4 13.fxe4 e5 14.Nxb5 cxb5 15.c6 exd4
16.cxd7 Nxd7 17.a4 bxa4 18.Rxa4 Ne5 19.Rf5 Bf6 20.Ra6 d3 21.Bxh6 Qd4+ 22.Kh1 gxh6
23.Rfxf6 Qe3 24.Qh5 d2 25.Rf1 Rad8 26.Qxe5 d1=Q 27.Rg6+ fxg6 28.Qe6+ Kh8
29.Qe5+ Kg8  1/2-1/2

[Event "FIDE World Cup 2015"]
[Site "Baku AZE"]
[Date "2015.09.15"]
[Round "2.2"]
[White "Ivanchuk,V"]
[Black "Rodshtein,M"]
[Result "1/2-1/2"]
[WhiteElo "2726"]
[BlackElo "2673"]

1.c4 e5 2.g3 Nc6 3.Bg2 g6 4.Nc3 Bg7 5.Rb1 d6 6.b4 f5 7.d3 Nf6 8.Bg5 Nd4 9.Nd5 O-O
10.Nf3 Ne6 11.Nxf6+ Bxf6 12.Bxf6 Qxf6 13.O-O Bd7 14.Nd2 Rab8 15.e3 g5 16.Qc1 Kh8
17.Qc3 Bc6 18.Bd5 f4 19.Rbe1 Qf5 20.f3 fxe3 21.Bxe6 Qxe6 22.Rxe3 Qf6 23.b5 Bd7
24.Ne4 Qg7 25.g4 b6 26.Ng3 Be8 27.Nf5 Rxf5 28.gxf5 Bd7 29.Qe1 Bxf5 30.d4 exd4
31.Re8+ Rxe8 32.Qxe8+ Qg8 33.Qe7 Bd3 34.Qf6+ Qg7 35.Qd8+ Qg8 36.Qf6+  1/2-1/2

[Event "FIDE World Cup 2015"]
[Site "Baku AZE"]
[Date "2015.09.17"]
[Round "3.1"]
[White "Ivanchuk,V"]
[Black "Jakovenko,D"]
[Result "1/2-1/2"]
[WhiteElo "2726"]
[BlackElo "2748"]

1.c4 Nf6 2.Nf3 e6 3.Nc3 d5 4.d4 Be7 5.Bf4 O-O 6.Rc1 c5 7.dxc5 Bxc5 8.e3 Nc6
9.Be2 dxc4 10.O-O Nd5 11.Bxc4 Nxf4 12.exf4 Qxd1 13.Rfxd1 Rd8 14.Rxd8+ Nxd8
15.Ne5 Be7 16.g3 Kf8 17.Bd3 g6 18.Rd1 f6 19.Nf3 a6 20.Na4 b5 21.Nb6 Rb8 22.Rc1 Rxb6
23.Rxc8 Rd6 24.Be4 Rd1+ 25.Kg2 Ra1 26.a3 Ra2 27.Bb7 a5 28.Ba6 b4 29.axb4 axb4
30.Bc4 Rxb2 31.Nd4 Kg7 32.Rc7 Kf8 33.Rc8  1/2-1/2

[Event "FIDE World Cup 2015"]
[Site "Baku AZE"]
[Date "2015.09.18"]
[Round "3.2"]
[White "Jakovenko,D"]
[Black "Ivanchuk,V"]
[Result "1-0"]
[WhiteElo "2748"]
[BlackElo "2726"]

1.d4 Nf6 2.c4 g6 3.Nc3 Bg7 4.e4 d6 5.h3 O-O 6.Nf3 a6 7.Bd3 c6 8.O-O b5 9.Re1 Nbd7
10.Bg5 h6 11.Be3 bxc4 12.Bxc4 d5 13.Bd3 dxe4 14.Nxe4 Nd5 15.Bd2 Qb6 16.b4 Nxb4
17.Rb1 a5 18.a3 Nxd3 19.Rxb6 Nxb6 20.Re3 Nb2 21.Qc1 N2c4 22.Rc3 Nxd2 23.Qxd2 Rd8
24.Qe1 Nd5 25.Rxc6 Bb7 26.Rc5 Nf4 27.Rc7 Rab8 28.Rxe7 Nd5 29.Rxb7 Rxb7 30.Qxa5 Rbb8
31.Ne5 Ra8 32.Qc5 Rac8 33.Qa7 Rc1+ 34.Kh2 Nc7 35.Nc5  1-0

[Event "World Rapid 2015"]
[Site "Berlin GER"]
[Date "2015.10.10"]
[Round "3.11"]
[White "Navara,D"]
[Black "Ivanchuk,V"]
[Result "1/2-1/2"]
[WhiteElo "2734"]
[BlackElo "2726"]

1.d4 Nf6 2.c4 e6 3.Nf3 d5 4.Nc3 Be7 5.Bf4 O-O 6.e3 Nbd7 7.Be2 dxc4 8.O-O a6
9.a4 Nd5 10.Bg3 b6 11.Bxc4 Nxc3 12.bxc3 Bb7 13.Bd3 Bd6 14.Qc2 h6 15.Bh7+ Kh8
16.Be4 Bxe4 17.Qxe4 Nf6 18.Qd3 Bxg3 19.hxg3 c5 20.Rfb1 Qc7 21.Ne5 Rfd8 22.Qc4 Ne4
23.Ra2 Nd6 24.Qd3 Kg8 25.Nc4 cxd4 26.Nxd6 dxe3 27.Rd1 Rd7 28.fxe3 Rad8 29.Rad2 Rxd6
30.Qxd6 Rxd6 31.Rxd6 Qxc3 32.R1d3 Qa1+ 33.Kh2 Qxa4 34.Rxb6 Qa5 35.Rb7 Qh5+
36.Kg1 Qg6 37.Rd8+ Kh7 38.g4 Qg5 39.Rd3 Kg6 40.Rb4 Qc5 41.Ra4 Qc2 42.Rda3 Qe2
43.Kh2 f6 44.Kg3 Kg5 45.Ra5+ e5 46.R5a4 Qe1+ 47.Kh2 Kh4 48.Re4 a5 49.Rea4 Qd1
50.Ra2 Qd6 51.Rf2 Kg5 52.Rf5+ Kg6 53.Rxa5 e4+ 54.Rf4 Kh7 55.Ra7 Kg6 56.Ra4 h5
57.Rd4 Qc7 58.Kh3 Qc8 59.Rfxe4 hxg4+ 60.Rxg4+ Kh5 61.Kg3 Qc7+ 62.Kh3 Qc8
63.Rc4 Qd7 64.Rd4 Qc8 65.Kg3  1/2-1/2

[Event "World Rapid 2015"]
[Site "Berlin GER"]
[Date "2015.10.11"]
[Round "8.13"]
[White "Ivanchuk,V"]
[Black "Socko,B"]
[Result "1-0"]
[WhiteElo "2726"]
[BlackElo "2599"]

1.e4 e6 2.d4 d5 3.Nc3 Bb4 4.exd5 exd5 5.Bd3 Nc6 6.Ne2 Be6 7.O-O Qd7 8.Na4 Nf6
9.Bg5 Be7 10.Nc5 Bxc5 11.dxc5 Ne4 12.Be3 a6 13.f3 Nf6 14.Nd4 O-O 15.Qd2 Nxd4
16.Bxd4 Bf5 17.Bxf6 gxf6 18.Qf4 Bxd3 19.cxd3 Kg7 20.h4 Rae8 21.Rae1 Re6 22.Rxe6 fxe6
23.d4 Re8 24.Re1 Qe7 25.Qg3+ Kh8 26.f4 b6 27.cxb6 cxb6 28.h5 Qb4 29.Qf2 Kg7
30.Re3 Kf7 31.Rc3 Re7 32.h6 Ke8 33.Rc8+ Kd7 34.Rc3 Kd6 35.Qd2 Qa4 36.b3 Qa5
37.b4 Qa4 38.a3 Rc7 39.Rxc7 Kxc7 40.Qd3 f5 41.Kf2 Kd6 42.Kg3 a5 43.Qe3 Qd1
44.Qe5+ Kd7 45.Qg7+ Kc6 46.Kh4 axb4 47.axb4 Kb5 48.Kg5 Qg4+ 49.Kf6 Qxf4 50.Qxh7 Qxd4+
51.Kf7 Qf4 52.Qg7 Qc7+ 53.Kxe6 Qc6+ 54.Kxf5 Qc2+ 55.Ke6 Qe4+ 56.Kd6 Kc4 57.h7 Qf4+
58.Kc6  1-0

[Event "World Blitz 2015"]
[Site "Berlin GER"]
[Date "2015.10.13"]
[Round "1.10"]
[White "Ivanchuk,V"]
[Black "Fridman,D"]
[Result "1-0"]
[WhiteElo "2726"]
[BlackElo "2649"]

1.c4 e6 2.Nc3 d5 3.d4 Be7 4.Bf4 Nf6 5.e3 O-O 6.a3 b6 7.cxd5 Nxd5 8.Nxd5 Qxd5
9.Be2 Bb7 10.Nf3 c5 11.dxc5 Qxc5 12.O-O Rd8 13.Qb1 Nc6 14.Rc1 Qf5 15.Qxf5 exf5
16.Rc2 Bf6 17.Bg5 Bxg5 18.Nxg5 Ne5 19.Rac1 Rd7 20.h4 Rad8 21.f3 Re7 22.Kf2 Rde8
23.Rc7 h6 24.Nh3 Kf8 25.Bb5 Rxc7 26.Rxc7 Re7 27.Rc3 a6 28.Be2 Ke8 29.Nf4 g6
30.Rb3 Nd7 31.Bc4 Re5 32.Rd3 Ke7 33.Bxf7 Rb5 34.Bxg6 Rxb2+ 35.Kg3 Ne5 36.Rc3 Nxg6
37.Nxg6+ Kf6 38.h5 b5 39.Rc7 Bd5 40.Nf4 Bc4 41.Rc6+ Kg7 42.Rxa6 Bf1 43.Rg6+ Kh7
44.Nd5 Bc4 45.Nf6+ Kh8 46.Rxh6+ Kg7 47.Rg6+ Kf7 48.Nd7 Bf1 49.Ne5+ Kf8 50.Kf4  1-0

[Event "World Blitz 2015"]
[Site "Berlin GER"]
[Date "2015.10.13"]
[Round "2.8"]
[White "Kravtsiv,M"]
[Black "Ivanchuk,V"]
[Result "0-1"]
[WhiteElo "2621"]
[BlackElo "2726"]

1.e4 d5 2.exd5 Qxd5 3.Nc3 Qd6 4.d4 Nf6 5.Nf3 c6 6.Ne5 Nbd7 7.Nc4 Qc7 8.Qf3 Nb6
9.Bf4 Qd7 10.Nxb6 axb6 11.O-O-O e6 12.Be5 Nd5 13.Bc4 f6 14.Bg3 Bb4 15.Nxd5 exd5
16.Bd3 O-O 17.a3 Bd6 18.Rde1 b5 19.c3 Qd8 20.Qh5 f5 21.Bxd6 Qxd6 22.Re5 Bd7
23.Rhe1 Qf6 24.f4 Rf7 25.R1e3 Raf8 26.Qh3 Qd6 27.g4 g6 28.gxf5 Bxf5 29.Bxf5 Rxf5
30.Re7 R8f7 31.R7e5 Rxf4 32.Kb1 Kg7 33.Ka2 R4f6 34.Qc8 Qd7 35.Qb8 Qg4 36.Re8 Kh6
37.Rg3 Qf4 38.Rh3+ Kg5 39.Qd8 Qf1 40.Re5+ Kg4 41.Rg3+ Kh4 42.Ree3 g5 43.b3 Rf2+  0-1

[Event "World Blitz 2015"]
[Site "Berlin GER"]
[Date "2015.10.13"]
[Round "4.3"]
[White "Perunovic,Mil"]
[Black "Ivanchuk,V"]
[Result "1-0"]
[WhiteElo "2622"]
[BlackElo "2726"]

1.e4 d5 2.exd5 Qxd5 3.Nc3 Qd6 4.d4 Nf6 5.Nf3 c6 6.Ne5 Nbd7 7.f4 e6 8.g4 Qc7
9.g5 Nd5 10.Nxd5 exd5 11.Bg2 Nxe5 12.fxe5 Be6 13.Be3 Qb6 14.O-O O-O-O 15.a4 Qxb2
16.Qd3 Qb4 17.Rfb1 Qc4 18.Qd2 c5 19.Bf1 cxd4 20.Bxc4 dxe3 21.Qxe3 dxc4 22.Qxa7 Bd5
23.a5 Kd7 24.a6 Rc8 25.Rxb7+ Bxb7 26.Qxb7+ Rc7 27.Rd1+  1-0

[Event "World Blitz 2015"]
[Site "Berlin GER"]
[Date "2015.10.13"]
[Round "6.4"]
[White "Bocharov,D"]
[Black "Ivanchuk,V"]
[Result "1-0"]
[WhiteElo "2560"]
[BlackElo "2726"]

1.c4 e5 2.g3 Nc6 3.Bg2 g6 4.Nc3 Bg7 5.e3 d6 6.Nge2 h5 7.h3 f5 8.d4 h4 9.dxe5 hxg3
10.exd6 gxf2+ 11.Kxf2 cxd6 12.Nf4 Nge7 13.Nb5 Be5 14.c5 dxc5 15.Qxd8+ Nxd8
16.Nd3 a6 17.Na3 Bc7 18.Nxc5 Rb8 19.Bd2 b6 20.Nb3 Bb7 21.Rac1 Bxg2 22.Kxg2 Rb7
23.Nd4 Kf7 24.Rc2 b5 25.Nb3 Ne6 26.Bb4 Nd5 27.Bd2 Bb6 28.Re1 Rh4 29.Rc6 Rd7
30.Nc2 Rc7 31.Rxc7+ Bxc7 32.Nbd4 Nxd4 33.Nxd4 Bb6 34.Nf3 Rh7 35.Ng5+  1-0

[Event "World Blitz 2015"]
[Site "Berlin GER"]
[Date "2015.10.13"]
[Round "7.14"]
[White "Ivanchuk,V"]
[Black "Nguyen Ngoc Truong Son"]
[Result "1-0"]
[WhiteElo "2726"]
[BlackElo "2634"]

1.c4 Nf6 2.Nc3 g6 3.e4 d6 4.d4 Bg7 5.Bd3 O-O 6.Nge2 Nc6 7.O-O e5 8.d5 Nd4
9.f3 c5 10.Bg5 h6 11.Bh4 a6 12.Kh1 Qc7 13.Rc1 Bd7 14.Nxd4 exd4 15.Ne2 Rfe8
16.Qd2 Kh7 17.b4 b6 18.Rb1 Bc8 19.Bc2 Nd7 20.Rfc1 Ne5 21.Ba4 Bd7 22.Bxd7 Qxd7
23.Bg3 Reb8 24.h3 f5 25.Nf4 g5 26.Ne6 f4 27.Be1 Bf6 28.Qd1 Re8 29.a4 Rxe6
30.dxe6 Qxe6 31.bxc5 bxc5 32.Rb7+ Kg6 33.Qb3 h5 34.Bd2 Rf8 35.Kg1 Be7 36.Kf2 Rh8
37.Ke2 Bf6 38.Rb6 a5 39.Kd1 Rf8 40.Bxa5 g4 41.hxg4 hxg4 42.Bd2 Bg5 43.a5 Rh8
44.Kc2 Qxc4+ 45.Kb1 Qxb3+ 46.Rxb3 Ra8 47.Rb6 Be7 48.Bxf4 Nd7 49.Rb7 Rd8 50.a6 Kf7
51.a7 Ke6 52.Rh1 Ra8 53.Rh6+ Bf6 54.Rxd7 Kxd7 55.Rxf6 gxf3 56.gxf3 Kc6 57.Rxd6+ Kb5
58.Rd7  1-0

[Event "World Blitz 2015"]
[Site "Berlin GER"]
[Date "2015.10.13"]
[Round "10.11"]
[White "Bartel,Mat"]
[Black "Ivanchuk,V"]
[Result "1-0"]
[WhiteElo "2622"]
[BlackElo "2726"]

1.e4 e5 2.Nf3 Nc6 3.Bb5 a6 4.Ba4 d6 5.Bxc6+ bxc6 6.d4 exd4 7.Nxd4 Bd7 8.Qf3 Ne7
9.O-O c5 10.Nf5 Nxf5 11.exf5 Be7 12.Nc3 O-O 13.Ne4 Bc6 14.Re1 Re8 15.Bd2 Bf8
16.Qf4 d5 17.Ng3 Qd6 18.Qg4 Rxe1+ 19.Rxe1 Re8 20.Rxe8 Bxe8 21.h4 Bd7 22.Bf4 Qf6
23.c3 c6 24.h5 h6 25.Be3 Bd6 26.Qf3 Qe5 27.Qg4 Kf8 28.Qa4 Qe7 29.Nf1 Qe8
30.Qxa6 Bxf5 31.a4 Qc8 32.Qb6 Kg8 33.Bxc5 Bc7 34.Qb4 Bd3 35.Ne3 Qe6 36.Qd4 Be2
37.Bb6 Be5 38.Qd2 Bxh5 39.a5 Qc8 40.b4 Qa6 41.Bd4 Bc7 42.Nf5 Bg6 43.Nxh6+ Kf8
44.Ng4 Qd3 45.Qxd3 Bxd3 46.Ne5 Bxe5 47.Bxe5 f6 48.Bd6+ Kf7 49.f3 Ke6 50.Bf8 g5
51.Kf2 Kd7 52.Ke3 Bf1 53.g3 Ke6 54.Kd4 Kd7 55.Kc5 Kc7 56.Be7 Be2 57.Bxf6 Bxf3
58.Bxg5  1-0

[Event "World Blitz 2015"]
[Site "Berlin GER"]
[Date "2015.10.13"]
[Round "11.20"]
[White "Ivanchuk,V"]
[Black "Ponkratov,P"]
[Result "1/2-1/2"]
[WhiteElo "2726"]
[BlackElo "2604"]

1.c4 Nf6 2.Nc3 e5 3.Nf3 Nc6 4.e4 Bb4 5.d3 h6 6.g3 d6 7.Bg2 a6 8.O-O O-O 9.Na4 Bc5
10.Nxc5 dxc5 11.Ne1 Qd4 12.Nc2 Qd6 13.Ne3 Ne7 14.b3 Rd8 15.Bb2 Ng6 16.Qe1 Ng4
17.Nd5 c6 18.Nb6 Rb8 19.Rd1 Be6 20.Qa5 h5 21.Ba3 h4 22.Bxc5 Qc7 23.Qd2 hxg3
24.hxg3 Nf6 25.Qe3 Ng4 26.Qe2 Nf6 27.Be3 Ng4 28.Bc5 Nf6 29.b4 Kh7 30.a4 Rh8
31.a5 Kg8 32.f3 Nh5 33.Kf2 Qd8 34.Qe1 Nxg3 35.Rg1 Nf4 36.Ke3 Nge2 37.d4 Nxg1
38.Qxg1 Qg5 39.Kf2 Bh3 40.Bh1 Qh4+ 41.Ke3 Ne6 42.d5 cxd5 43.cxd5 Qh6+ 44.Kd3 Nf4+
45.Kc4 Rd8 46.Qe3 Bd7 47.Rg1 Bb5+ 48.Kb3 Qh2 49.Be7 Ne2 50.Rxg7+ Kxg7 51.Qg5+ Kh7
52.Qf5+ Kg8 53.Qg5+ Kh7 54.Qf5+ Kg8 55.Qg5+  1/2-1/2

[Event "World Blitz 2015"]
[Site "Berlin GER"]
[Date "2015.10.14"]
[Round "12.20"]
[White "Bacrot,E"]
[Black "Ivanchuk,V"]
[Result "1/2-1/2"]
[WhiteElo "2697"]
[BlackElo "2726"]

1.e4 c5 2.Nf3 d6 3.d4 cxd4 4.Nxd4 Nf6 5.Nc3 e6 6.g4 h6 7.Rg1 Nc6 8.Be3 a6
9.h4 h5 10.gxh5 Rxh5 11.Bg5 Rh8 12.Be2 Bd7 13.Qd2 Qb6 14.Nb3 Qc7 15.O-O-O b5
16.a3 Rb8 17.f4 b4 18.axb4 Nxb4 19.h5 Nxh5 20.Rh1 g6 21.f5 Bg7 22.Bxh5 gxh5
23.f6 Bf8 24.Rh4 a5 25.Rdh1 a4 26.Nd4 Qb6 27.Rxh5 Na2+ 28.Kd1 Nxc3+ 29.Qxc3 Rxh5
30.Rxh5 Rc8 31.Qd3 Rc5 32.Nf3 Qxb2 33.Rh8 Qb1+ 34.Bc1 Rc6 35.Ng5 a3 36.Nh7 Kd8
37.Rxf8+ Be8 38.Ng5 a2 39.Nxf7+ Kc7 40.Rxe8 a1=Q 41.Re7+ Kb8 42.Re8+ Kc7
43.Re7+ Kb6 44.Qe3+ Rc5 45.Qd2 Rc6 46.Qe3+ Rc5 47.Qd2 Rc6 48.Qe3+ Rc5 49.Qd2  1/2-1/2

[Event "World Blitz 2015"]
[Site "Berlin GER"]
[Date "2015.10.14"]
[Round "13.24"]
[White "Ivanchuk,V"]
[Black "Moiseenko,A1"]
[Result "1-0"]
[WhiteElo "2726"]
[BlackElo "2692"]

1.Nf3 c5 2.g3 Nc6 3.Bg2 g6 4.c3 Bg7 5.d4 cxd4 6.cxd4 d5 7.Nc3 Nf6 8.O-O O-O
9.Ne5 Nd7 10.Nxd5 Nxd4 11.Qxd4 Nxe5 12.Qh4 f6 13.Be3 Bg4 14.f4 Be6 15.Rfd1 Nc4
16.Bc5 Qa5 17.b4 Qa3 18.Nxe7+ Kf7 19.Qxh7  1-0

[Event "World Blitz 2015"]
[Site "Berlin GER"]
[Date "2015.10.14"]
[Round "14.14"]
[White "Socko,B"]
[Black "Ivanchuk,V"]
[Result "1/2-1/2"]
[WhiteElo "2599"]
[BlackElo "2726"]

1.e4 e6 2.d4 d5 3.Nd2 c5 4.exd5 exd5 5.Ngf3 a6 6.Be2 c4 7.b3 cxb3 8.axb3 Bd6
9.c4 Ne7 10.O-O Nbc6 11.Re1 O-O 12.Nf1 h6 13.Ne3 Be6 14.Ba3 Re8 15.Qd2 Bf4
16.g3 Bc7 17.Bf1 Qd7 18.Bxe7 Rxe7 19.Bg2 Ree8 20.Qc3 Rad8 21.Red1 Ne7 22.c5 Nc6
23.b4 Bh3 24.Re1 Bxg2 25.Kxg2 Re4 26.Reb1 Na7 27.Qd3 Nb5 28.Rd1 f5 29.Nc2 f4
30.Nd2 Re6 31.Re1 Rde8 32.Rxe6 Rxe6 33.Re1 Rxe1 34.Nxe1 Qe6 35.Nef3 Kf7 36.Nb1 Qe4
37.Qd1 fxg3 38.hxg3 g5 39.Nd2 Qd3 40.Qb3 Qxb3 41.Nxb3 Ke6 42.Nh2 h5 43.Nf1 Nc3
44.Ne3 g4 45.Kf1 Ne4 46.Ke2 Nc3+ 47.Kd3 Nb5 48.Ng2 Bb8 49.Nc1 Bc7 50.Ne2 Kf5
51.Nef4 Bxf4  1/2-1/2

[Event "World Blitz 2015"]
[Site "Berlin GER"]
[Date "2015.10.14"]
[Round "15.17"]
[White "Ivanchuk,V"]
[Black "Cheparinov,I"]
[Result "1-0"]
[WhiteElo "2726"]
[BlackElo "2681"]

1.g3 c5 2.Bg2 Nc6 3.Nf3 g6 4.c3 Bg7 5.d4 cxd4 6.cxd4 d5 7.Nc3 Nf6 8.O-O O-O
9.Ne5 e6 10.Bg5 h6 11.Nxc6 bxc6 12.Bf4 Ba6 13.Qd2 Kh7 14.Rfd1 Nd7 15.Rac1 e5
16.dxe5 Nxe5 17.b3 Re8 18.Na4 Bb5 19.Nc5 Nd7 20.Bf3 Nxc5 21.Rxc5 Bf8 22.Rxb5 cxb5
23.Bxd5 Rc8 24.Bxf7 Qxd2 25.Rxd2 Re7 26.Bd5 Bg7 27.e4 Be5 28.Be3 a5 29.Kg2 Bc3
30.Rc2 b4 31.f4 Rd8 32.Kf3 Red7 33.g4 Rxd5 34.exd5 Rxd5 35.Re2 a4 36.bxa4 Ra5
37.Ke4 Rxa4 38.Kd5 Ra8 39.Bc5 Kg7 40.Re7+ Kf6 41.Ra7 Rd8+ 42.Kc4 Rd2 43.h4 Rg2
44.Ra6+ Kf7 45.g5 hxg5 46.hxg5 Rg4 47.Bd6 Bd2 48.Be5 Ke7 49.Rf6 Kd7 50.Kd5 Ke7
51.Bd6+ Kd7 52.Rf7+ Ke8 53.Ke6  1-0

[Event "World Blitz 2015"]
[Site "Berlin GER"]
[Date "2015.10.14"]
[Round "16.10"]
[White "Bruzon Batista,L"]
[Black "Ivanchuk,V"]
[Result "1-0"]
[WhiteElo "2659"]
[BlackElo "2726"]

1.e4 e6 2.d4 d5 3.Nc3 Bb4 4.e5 c5 5.a3 Ba5 6.b4 cxd4 7.Nb5 Bc7 8.f4 Bd7 9.Nxd4 Nc6
10.Ngf3 Nge7 11.c3 O-O 12.Bd3 f6 13.exf6 Rxf6 14.O-O h6 15.g3 e5 16.fxe5 Nxe5
17.Nxe5 Rxf1+ 18.Qxf1 Bxe5 19.Bf4 Bxd4+ 20.cxd4 Qb6 21.Be3 Rf8 22.Bh7+ Kxh7
23.Qxf8 Nf5 24.Bf2 Nd6 25.Rc1 Ne4 26.Qe7 Qb5 27.Re1 Bh3 28.Be3 Qd3 29.Qh4 Qc3
30.Bf2 Ng5 31.Qh5 Nf3+ 32.Kh1 Nxe1 33.Qxh3 Qf3+ 34.Kg1 Nd3 35.Qg2 Qe2 36.Qf1 Qd2
37.Qg2 Qd1+ 38.Qf1 Nxf2 39.Kxf2 Qxd4+ 40.Kg2 Qe4+ 41.Kh3 d4 42.Qc4 a6 43.a4 Qf5+
44.Kg2 Qd7 45.Qd3+ Kh8 46.b5 axb5 47.axb5 Qd5+ 48.Kf2 b6 49.h4 h5 50.Ke2 Kg8
51.Kd2 Kf7 52.Ke2 Ke7 53.Kf2 Kf6 54.Ke1 Qe5+ 55.Kd1 Qe3 56.Qc4 Qe4 57.Kd2 Kf5
58.Qc8+ Qe6 59.Qb7 Qe3+ 60.Kd1 Qd3+ 61.Kc1 Qxb5 62.Qxg7 Qc4+ 63.Kd1 Qd3+
64.Kc1 Qe3+ 65.Kd1 d3 66.Qh7+ Kg4 67.Qg6+ Kh3 68.Qf5+ Kh2 69.Qxh5 b5 70.Qg4 b4
71.h5 b3 72.Qh4+ Kg1  1-0